000 00803nam a2200265Ia 4500
008 160621s9999 xx 000 0 und d
020 _a978-1-4239-0551-6
050 _aComSc KF 3030.1
050 _b.W39 2007
100 _aWaxer, Barbara M.
245 _aCopyright on the internet :
245 _billustrated essentials /
245 _cBarbara M. Waxer, Marsha L. Baum.
260 _aAustralia :
260 _bThomson Course Tech.,
260 _c2007
300 _a54 pages :
300 _billustrations ;
300 _c28 cm.
440 _aIllustrated series
500 _aIncludes index.
650 _aCopyright and electronic data processing -- United States.
650 _aInternet -- Law and legislation -- United States.
650 _xFair use (Copyright) -- United States.
999 _c296094
_d296094